000 00883nam a22001935i 4500
001 178677
003 ES-MaACL
005 20230906220602.0
008 110610s1972 sp |||| | spa d
080 _a616.5
100 1 _aCastells Rodellas, Antonio.
_9147110
245 1 0 _aAplicación del test de transformación linfoblástica y algunos otros tests inmunológicos actuales al estudio de las dermatosis /
_cresumen de la tesis presentada para aspirar al grado de doctor en medicina por Antonio Castells Rodellas.
260 _aBarcelona :
_bUniversidad de Barcelona, Secretariado de Publicaciones, Intercambio Científico y Extensión Universitaria :
_bIvern,
_c1972.
300 _a19 p. ;
_c24 cm.
500 _aCub. tomada como port.
650 0 4 _aPiel-
_xEnfermedades.
_915998
710 2 _aUniversidad de Barcelona.
_97141
852 _aES-MaACL
_jE-15361 (84)
_xOlim P-1374
999 _c178677
_d178677